01207 2200301 4500001002100000005001500021035002000036007000300056008004100059020001800100082000800118084001400126100002800140245010400168250002000272300002500292700003800317700002900355520033300384600001800717600001800735740002700753264003500780336002100815337003000836338002300866990001600889INLIS00000000000176020260622103208 a0010-0626000457ta260622 1 ind  a9786022470519 a823 a823 FAT c0 aFather, JaneePengarang1 aCinta di dalam istana /cJane Father ; penerjemah, Hidrina Perdhana Sari ; penyunting, Yudi Iswanto acetakan pertama a532 halaman ;c18 cm0 aHidrina Perdhana SariePenerjemah0 aYudi IswantoePenyunting aNovel ini mengikuti kisah Rosamund Walsingham, seorang gadis berusia 17 tahun yang mengabdi di istana kerajaan. Di tengah gemerlap dan kejamnya intrik politik istana Tudor di bawah pemerintahan Ratu Elizabeth I, kehidupan Rosamund berubah drastis setelah ia terjebak dalam pusaran bahaya, spionase, dan romansa yang tak terduga. 4aFiksi Inggris 4aFiksi sejarah aAll the queen' players aJakarta :bDastan Books,c2013 2rdacontentateks 2rdamediaatanpa perantara 2rdacarrieravolume aSP003149/19